Word Ladder: 3-Letter '90s NYC Rappers Quiz Stats

 Plays Quiz Updated Jul 19, 2017

Support Sporcle.
Go Orange.
Score 0/23 Timer 03:00
0 Plays Today
Hint 3-Letter Word % Correct
◘ 1994 'Ready to Die' artist Notorious ___◘B.I.G.◘
94.9%
◘ 1998 'Vol. 2...Hard Knock Life' artist ___ Z ◘◘JAY◘
93.9%
A fruit spread often applied to toastJAM
90.6%
A hotdog's holderBUN
87.1%
A pirate's guide to treasureMAP
86.8%
JFK's foreign policy mistake '___ of Pigs'BAY
86.2%
Grocery transit and carrying objectBAG
86.1%
Quick sleep conducted in the middle of the dayNAP
86%
Achieve victory in a contestWIN
86%
UK for a garbage canBIN
85.9%
◘ 'Players Anthem' artist Lil ___◘KIM◘
77.9%
Bowl-cut hairstyle popularized by The Beatles, colloquially called a '___ top'MOP
77.3%
Hint 3-Letter Word % Correct
First name of Star Trek's Kirk, for shortJIM
76.8%
Wrestling move to keep opponent on the matPIN
76.7%
◘ 'I'm Not a Player' artist Big ___◘PUN◘
76.7%
◘ Wu-Tang Clan member Method ◘◘MAN◘
75.4%
FamilyKIN
74.8%
Pale and exhaustedWAN
71.7%
◘ One-half of Blackstar ___ Def ◘◘MOS◘
70.3%
◘ 'Just a Friend' artist ___ Markie ◘◘BIZ◘
69.9%
1978 Oz spoof starring Michael Jackson 'The ___'WIZ
67.9%
Taco Bell slogan: 'Live ___'MÁS
66.7%
◘ 1994 'Illmatic' artist ___◘NAS◘
57.8%

Today's Daily Dose

Word Ladder
New Dimensions!

Quick Pick
'Animal' Fish

Get the Picture
Bird or Food?

You're not logged in!

Compare scores with friends on all Sporcle quizzes.
OR
Log In
Forgot?

From the Vault

Famous Mayflower Descendants

by googlebird

For a voyage with only 102 passengers, a whole lot of people can trace their ancestry back to the Mayflower.
Remove Ads.
Support Sporcle.
Get the best of Sporcle when you Go Orange. This ad-free experience offers more features, more stats, and more fun while also helping to support Sporcle. Thank you for becoming a member.

Show Comments

Extras

Top Quizzes Today


Score Distribution

Your Account Isn't Verified!

In order to create a playlist on Sporcle, you need to verify the email address you used during registration. Go to your Sporcle Settings to finish the process.

Report this User

Report this user for behavior that violates our Community Guidelines.

Details: